000 00936nam a2200241 a 4500
999 _c421647
_d421647
003 BLK
005 20230724154907.0
008 200315b bul|||||r ||||||| ||bul||
040 _aBLK
041 _aBUL
_cBUL
080 _aБългарска литература
_b821.163.2
_z821.163.2-22
100 _aКацарова-Кукудова, Райна Димитрова
_d1901-1984
_gФолклорист, популяризатор на народната музика.
_eпърви автор
_9388824
139 _aПеев, Иван
245 1 0 _aЖертвата
_bКомедия в 1 д.
_cИван Пеев.
257 _aBGR
260 _aСофия
_bНар. култура
_c1955
300 _a24 с.
_c17 см
380 _aX
490 _aБиблиотека Народна сцена
_9206834
852 _aЦб 8.170.46827
942 _cKNG
_n0
_s1
944 _aCR
_k30556
_lТеодора Пейчева-Дянкова